| 000 | 01785nam a2200409 a 4500 | ||
|---|---|---|---|
| 001 | ebr10509654 | ||
| 003 | CaPaEBR | ||
| 006 | m u | ||
| 007 | cr cn||||||||| | ||
| 008 | 960125s1996 ne a sb 001 0 eng d | ||
| 010 | _z 96000291 | ||
| 020 | _z9027217734 (Eur.) | ||
| 020 | _z1556198256 (U.S. : pbk. : alk. paper) | ||
| 020 | _z9789027217714 | ||
| 020 | _z9789027276179 (e-book) | ||
| 040 |
_aCaPaEBR _cCaPaEBR |
||
| 035 | _a(OCoLC)772233216 | ||
| 050 | 1 | 4 |
_aJF1351 _b.N36 1996eb |
| 082 | 0 | 4 |
_a350 _220 |
| 100 | 1 | _aNaschold, Frieder. | |
| 245 | 1 | 0 |
_aPublic sector transformation _h[electronic resource] : _brethinking markets and hierarchies in government / _cFrieder Naschold, Casten von Otter. |
| 260 |
_aAmsterdam ; _aPhiladelphia, Pa. : _bJ. Benjamins Pub. Co., _cc1996. |
||
| 300 |
_avi, 178 p. : _bill. |
||
| 490 | 1 |
_aDialogues on work and innovation, _x1384-6671 ; _vv. 1 |
|
| 504 | _aIncludes bibliographical references (p. [171]-172) and index. | ||
| 505 | 0 | _apt. 1. Structural reforms and innovation strategies i the public sector -- pt. 2. The modernization of internal government structures. | |
| 533 |
_aElectronic reproduction. _bPalo Alto, Calif. : _cebrary, _d2013. _nAvailable via World Wide Web. _nAccess may be limited to ebrary affiliated libraries. |
||
| 650 | 0 | _aPublic administration. | |
| 650 | 0 | _aGovernment productivity. | |
| 650 | 0 |
_aGovernment business enterprises _xManagement. |
|
| 650 | 0 | _aComparative government. | |
| 655 | 7 |
_aElectronic books. _2local |
|
| 700 | 1 |
_aOtter, Casten von, _d1941- |
|
| 710 | 2 | _aebrary, Inc. | |
| 830 | 0 |
_aDialogues on work and innovation ; _vv. 1. |
|
| 856 | 4 | 0 |
_uhttp://site.ebrary.com/lib/rucke/Doc?id=10509654 _zAn electronic book accessible through the World Wide Web; click to view |
| 999 |
_c115886 _d115886 |
||